000 01837cam a22001814a 4500
005 20250605164354.0
008 250528s ||||||||||||||||||||||||d
035 _a24262
040 _aGR-AtMCL
_bgre
_dGR-AtMCL
_eAACR2
245 1 _aΔημιουργικό Εργαστήρι / Κατασκευάζω, Παίζω, Δημιουργώ
300 _a60
520 _aΠαραμύθι: Μπορείς να Εμπιστευτείς μια Αλεπού, Παραμύθι: Το Λιοντάρι και ο Λύκος και η Αλεπού, Κούκλα Άνοιξη, Πασχαλίτσα, Λαγουδάκια Καλτσόκουκλες, Σακουλάκι με Λιχουδιές για Παιδιά, Ένα Φουντωτό Κουνελάκι, Ένα Κουνελάκι Τσαντούλα για τις Μικρές μας Φίλες, Πασχαλινή Κάρτα, Κάρτα Κότα, Κάρτα Λαγός, Κάρτα Λαγός από Χεράκι, Κάρτα Αβγό με Παπάκι, Κάρτα με Κοτούλα, Λαγουδάκι Σελιδοδείκτης, Μάσκα Λαγός, Πουλιά Αβγοθήκες, Αβγοτερατάκια, Γεμιστά Κοτοπουλάκια, Κότα και Λαγός από Αβγοθήκη ή Ποτήρι Φελιζόλ, Αβγά Τύπου Βιτρό, Λιβελούλες Press Papier, Πασχαλινό Καλάθι από Χεράκια, Φωλίτσα για τα Μικρά Κοτόπουλα, Αβγά Κρεμαστά με Πουλάκια, Στεφάνι Διακοσμητικό για την 25η Μαρτίου, Σημαία από Γλωσσοπιέστρα, Σπείρα με Λάβαρο για την 25η Μαρτίου.
700 1 _aLimos Anna
_99440
942 _cCR
260 _bΔίπτυχο
999 _c9152
_d9152